| 000 | 00430nam a22001337a 4500 | ||
|---|---|---|---|
| 082 |
_a625.763 _bNAT _cD |
||
| 110 |
_aNational Research Council. _937043 |
||
| 245 |
_aSnow control, traffic effects on new concrete, and corrosion / _cNational Reseach Council. |
||
| 260 |
_aUSA : _bTransportation Reseach Board, _c1982 |
||
| 300 | _aiv, 49 p. : | ||
| 526 |
_a0 _b0 _c0 _d625_763000000000000_NAT |
||
| 650 |
_aMCE _9379 |
||
| 942 |
_2ddc _cBK |
||
| 999 |
_c547590 _d547590 |
||